Personajes de Los Simpson - 2 - Estadísticas

Estadísticas generales
  • Esta prueba ha sido intentada 703 veces
  • La puntuación promedio es 10 de 20
Estadísticas de respuestas
Imagen Respuesta % Correcto
Actor Secundario Bob / Bob Terwilliger
97%
Carl Carson
92%
Lenny Leonard
85%
Selma Bouvier
83%
Patty Bouvier
80%
Martin Prince
77%
Otto
72%
Duffman
67%
Reverendo Lovejoy / Timothy Lovejoy
61%
Willie
48%
Mona Simpson
39%
Hombre Abeja
37%
Joe Quimby
34%
Doctor Nick Riviera
30%
Lou
30%
Actor Secundario Mel / Melvin Van Horne
23%
Eddie
21%
Elizabeth Hoover
17%
Agnes Skinner
16%
Sherri y Terri
5%
No se encontraron pruebas coincidentes
Distribución de puntuación
Porcentaje de gente con cada puntuación
Porcentaje por número respondido
Historial de tus puntuaciones
No has intentado esta prueba.